00708 2200205 4500001002100000005001700021008004100038035002400079040001200103082001100115090002000126100003200146245012200178260006700300300004200367500001900409504002800428650002800456990001800484YOGYA-0113000000043320130108111556.0 ind  0010-011300000000433 aYOPDYOG a635.26 aSK 635.26 Rod O aRODRIQUEZ VERONIKA DWIPANNI aOptimasi rotasi tanaman dengan bawang merah sebagai tanaman pokok di Kabupaten Bantul/oleh Rodriquez Veronika Dwipani aYogyakartabFakultas Pertanian Institut Pertanian Stiperc1998 aXIII, 78, (12) lbrbilus, lampc29 cm aSkripsi STIPER aBibliografi (lbr.79-80) aBawang merah - budidaya a42041-PD/A.12